Score 0/30 Timer 10:00
0 Plays Today
% Correct
Sports
66.7%
Media
66.7%
Sports
50%
Politics
50%
Media
50%
Media
50%
Grew Up Here - Well Known
50%
Sports
33.3%
Sports
33.3%
Politics
33.3%
Politics
33.3%
Politics
33.3%
Politics
33.3%
Businessmen
33.3%
Businessmen
33.3%
% Correct
Businessmen
33.3%
Businessmen
33.3%
Media
33.3%
Model Citizens
16.7%
Model Citizens
16.7%
Model Citizens
16.7%
Grew Up Here - Well Known
16.7%
Grew Up Here - Well Known
16.7%
Grew Up Here - Well Known
16.7%
Businessmen
0%
Media
0%
Model Citizens
0%
Grew Up Here - Well Known
0%
Grew Up Here - Well Known
0%
Grew Up Here - Well Known
0%
Come Together.
Have Fun.
All Virtual.
We all need to come together. Play Sporcle's virtual live trivia to have fun, connect with people, and get your trivia on. Join a live hosted trivia game for your favorite pub trivia experience done virtually. If a virtual private party is more your thing, go here for details.

You're not logged in!

Compare scores with friends on all Sporcle quizzes.
OR
Log In

Sporcle TV

Today on Sporcle TV


Watch our educational content, quiz creation guides, and fun videos on Sporcle TV.

Show Comments

Extras

Top Quizzes Today


Score Distribution

Paid Content

Your Account Isn't Verified!

In order to create a playlist on Sporcle, you need to verify the email address you used during registration. Go to your Sporcle Settings to finish the process.

Report this User

Report this user for behavior that violates our Community Guidelines.

Details: